| 000 | 005740000a22001690004500 | ||
|---|---|---|---|
| 003 | MACL | ||
| 005 | 20160218111013.0 | ||
| 008 | 160218b xxu||||| |||| 00| 0 eng d | ||
| 040 |
_aMACL _cMACL |
||
| 041 | _aHindi | ||
| 082 | _a340 | ||
| 100 |
_aमिश्रा श्रीमती रोहिणी _938769 |
||
| 245 | _aभारत में अंतरराष्ट्रीय विधि | ||
| 260 |
_bविघा साहित्य संस्थान _aइलाइाबाद _c1988 |
||
| 650 |
_aLaw _938770 |
||
| 942 |
_cHIN _k340 _2ddc |
||
| 999 |
_c29177 _d29177 |
||